Statistics for Famous People In Their Youth (photos)

Click here to take the quiz!

General Stats

  • This quiz has been taken 53 times
  • The average score is 15 of 20

Answer Stats

Answer% Correct
Abraham Lincoln
96%
Bruce Lee
93%
Stephen Hawking
93%
Nelson Mandela
91%
Winston Churchill
91%
Ludwig van Beethoven
87%
Mahatma Gandhi
87%
Napoleon Bonaparte
87%
Leo Tolstoy
85%
Steve Jobs
85%
Charlie Chaplin
83%
Franklin D. Roosevelt
80%
Ernesto Guevara
59%
Ernest Hemingway
57%
F. Scott Fitzgerald
57%
James Earl Jones
57%
Johannes Brahms
54%
Theodore Roosevelt
54%
Frederick Douglass
52%
Jack Kerouac
37%

Score Distribution

Percentile by Number Answered

Percent of People with Each Score

Your Score History

You have not taken this quiz